Quality assurance in marketing : setting action standards for better results

Αποθηκεύτηκε σε:
Λεπτομέρειες βιβλιογραφικής εγγραφής
Κύριος συγγραφέας: Sparling, Keith
Μορφή: Βιβλίο
Γλώσσα:English
Δημοσίευση: London : McGraw-Hill , 1994
Σειρά:McGraw-Hill marketing for professionals
Θέματα:
Ετικέτες: Προσθήκη ετικέτας
Δεν υπάρχουν, Καταχωρήστε ετικέτα πρώτοι!

MARC

LEADER 00000nam a2200000 i 4500
001 1/38582
008 960117s1994 eng d
020 |a 0-07-707876-4 
035 |l 10024888 
040 |a GR-MY-UA  |b gre  |e aacr 
041 0 |a eng 
082 0 |a 658.802 
100 1 |a Sparling, Keith. 
245 1 0 |a Quality assurance in marketing :  |b setting action standards for better results /  |c Keith Sparling 
260 |a London :   |b McGraw-Hill ,   |c 1994 
300 |a 375 p. 
490 1 |a McGraw-Hill marketing for professionals series 
500 |a Includes index 
650 0 0 |a Marketing  |x Quality control. 
650 0 0 |a Quality assurance. 
830 0 |a McGraw-Hill marketing for professionals 
852 |a INST  |b CHIOS  |e 19960117  |h 658.802 SPA  |p 005200003574  |q 005200003574  |t BK  |y 0 
852 |a INST  |b CHIOS  |e 19980115  |h 658.802 SPA  |p 005200010117  |q 005200010117  |t BK  |y 0 
909 |a Χ  |b 037898 
909 |a Χ  |b 052633 
922 |a 2ΕΛΗ  |b 199712  |c ΚΕΧΑΓΙΑΣ  |d ΠΑΠΑΣΩΤΗΡΙΟΥ